LIBRARY & INFORMATION CENTRE, KCAET, TAVANUR

ONLINE PUBLIC ACCESS CATALOGUE (OPAC)

Development and evaluation of power tiller operated ridge plastering attachment / (Record no. 18091)

MARC details
000 -LEADER
fixed length control field 00518nam a22001697a 4500
003 - CONTROL NUMBER IDENTIFIER
control field OSt
082 ## - DEWEY DECIMAL CLASSIFICATION NUMBER
Classification number 631.3
Item number MEH/DE
088 ## - REPORT NUMBER
Report number P 617
100 ## - MAIN ENTRY--AUTHOR NAME
Personal name Meharban Shah U M
245 ## - TITLE STATEMENT
Title Development and evaluation of power tiller operated ridge plastering attachment /
260 ## - PUBLICATION, DISTRIBUTION, ETC. (IMPRINT)
Place of publication Tavanur :
Name of publisher Department of Farm Machinery & Power Engineering,
Year of publication 2024.
700 ## - ADDED ENTRY--PERSONAL NAME
Personal name Abhaya C Anil
700 ## - ADDED ENTRY--PERSONAL NAME
Personal name Aditya Tiwari
700 ## - ADDED ENTRY--PERSONAL NAME
Personal name Shubham Sonu
700 ## - ADDED ENTRY--PERSONAL NAME
Personal name Sanchu Sukumaran (Guide)
942 ## - ADDED ENTRY ELEMENTS (KOHA)
Koha item type Project Report
Holdings
Collection code Home library Current library Full call number Accession Number Koha item type
Reference KAUAET KAUAET 631.3 MEH/DE P 617 Project Report
free website counter